|
|
|
|
| LEADER |
00000nam0a2200000 4500 |
| 001 |
287725 |
| 005 |
20231102000022.0 |
| 035 |
|
|
|a (RuTPU)RU\TPU\book\312153
|
| 090 |
|
|
|a 287725
|
| 100 |
|
|
|a 20150318d1985 k y0rusy50 ca
|
| 101 |
0 |
|
|a rus
|
| 102 |
|
|
|a UZ
|
| 105 |
|
|
|a a z 001zy
|
| 200 |
1 |
|
|a Сейсмостойкость подземных трубопроводов
|f Т. Р. Рашидов, Г. Х. Хожметов
|g Академия наук Узбекской ССР (АН УзССР), Институт механики и сейсмостойкости сооружений им. М. Т. Уразбаева (ИМиСС)
|
| 210 |
|
|
|a Ташкент
|c Фан
|d 1985
|
| 215 |
|
|
|a 152 с.
|c ил.
|
| 320 |
|
|
|a Библиогр.: с. 147-151
|
| 606 |
|
|
|a Подземные сооружения
|x Сейсмостойкость
|x Тепловой режим
|2 stltpush
|3 (RuTPU)RU\TPU\subj\49665
|9 68430
|
| 610 |
1 |
|
|a повреждения
|
| 610 |
1 |
|
|a параметры
|
| 610 |
1 |
|
|a исследования
|
| 610 |
1 |
|
|a реологические свойства
|
| 610 |
1 |
|
|a стыки
|
| 610 |
1 |
|
|a податливость
|
| 610 |
1 |
|
|a классификация
|
| 610 |
1 |
|
|a динамика
|
| 610 |
1 |
|
|a сложные узлы
|
| 610 |
1 |
|
|a конструкции
|
| 610 |
1 |
|
|a руководство
|
| 610 |
1 |
|
|a рекомендации
|
| 675 |
|
|
|a 624.1
|v 3
|
| 700 |
|
1 |
|a Рашидов
|b Т. Р.
|g Турсунбай Рашидович
|
| 701 |
|
1 |
|a Хожметов
|b Г. Х.
|g Гаибназар Хадиевич
|
| 712 |
0 |
2 |
|a Академия наук Узбекской ССР (АН УзССР)
|b Институт механики и сейсмостойкости сооружений им. М. Т. Уразбаева (ИМиСС)
|c (Ташкент)
|c (1966-1991)
|2 stltpush
|3 (RuTPU)RU\TPU\col\19715
|
| 801 |
|
1 |
|a RU
|b 63413507
|c 20150318
|
| 801 |
|
2 |
|a RU
|b 63413507
|c 20171124
|g RCR
|
| 942 |
|
|
|c BK
|